<?xml version="1.0" encoding="UTF-8"?>
<record
    xmlns:xsi="http://www.w3.org/2001/XMLSchema-instance"
    xsi:schemaLocation="http://www.loc.gov/MARC21/slim http://www.loc.gov/standards/marcxml/schema/MARC21slim.xsd"
    xmlns="http://www.loc.gov/MARC21/slim">

  <leader>01357aam a22003374a 4500</leader>
  <controlfield tag="001">17185854</controlfield>
  <controlfield tag="003">OSt</controlfield>
  <controlfield tag="005">20240905101546.0</controlfield>
  <controlfield tag="008">120228s2011    su       b    000 0 ara  </controlfield>
  <datafield tag="010" ind1=" " ind2=" ">
    <subfield code="a">  2012344804</subfield>
  </datafield>
  <datafield tag="020" ind1=" " ind2=" ">
    <subfield code="a">9786030062041</subfield>
  </datafield>
  <datafield tag="040" ind1=" " ind2=" ">
    <subfield code="a">HLS</subfield>
    <subfield code="c">HLS</subfield>
    <subfield code="d">DLC</subfield>
  </datafield>
  <datafield tag="042" ind1=" " ind2=" ">
    <subfield code="a">pcc</subfield>
    <subfield code="a">lcode</subfield>
  </datafield>
  <datafield tag="050" ind1="0" ind2="0">
    <subfield code="a">BP88.A746</subfield>
    <subfield code="b">A1 2011</subfield>
  </datafield>
  <datafield tag="082" ind1=" " ind2=" ">
    <subfield code="a">297</subfield>
    <subfield code="b">ARI/J</subfield>
  </datafield>
  <datafield tag="100" ind1="1" ind2=" ">
    <subfield code="a">&#x2BB;Ar&#x12B;f&#x12B;, Mu&#x1E25;ammad ibn &#x2BB;Abd al-Ra&#x1E25;m&#x101;n</subfield>
    <subfield code="6">880-01</subfield>
    <subfield code="9">9752</subfield>
  </datafield>
  <datafield tag="245" ind1="1" ind2="4">
    <subfield code="6">880-05</subfield>
    <subfield code="a">J&#x101;mi&#x2BB; ras&#x101;&#x2BC;il fa&#x1E0D;&#x12B;lat al-Shaykh Mu&#x1E25;ammad al-&#x2BB;Ar&#x12B;f&#x12B; /</subfield>
    <subfield code="c">Mu&#x1E25;ammad ibn &#x2BB;Abd al-Ra&#x1E25;m&#x101;n al-&#x2BB;Ar&#x12B;f&#x12B;.</subfield>
  </datafield>
  <datafield tag="250" ind1=" " ind2=" ">
    <subfield code="6">880-06</subfield>
    <subfield code="a">al-&#x1E6C;ab&#x2BB;ah 1.</subfield>
  </datafield>
  <datafield tag="260" ind1=" " ind2=" ">
    <subfield code="6">880-07</subfield>
    <subfield code="a">al-Riy&#x101;&#x1E0D; :</subfield>
    <subfield code="b">D&#x101;r al-Tadmur&#x12B;yah,</subfield>
    <subfield code="c">2011.</subfield>
  </datafield>
  <datafield tag="300" ind1=" " ind2=" ">
    <subfield code="a">482p. ;</subfield>
    <subfield code="c">25 cm.</subfield>
  </datafield>
  <datafield tag="504" ind1=" " ind2=" ">
    <subfield code="a">Includes bibliographical references.</subfield>
  </datafield>
  <datafield tag="650" ind1=" " ind2="0">
    <subfield code="a">Islam.</subfield>
  </datafield>
  <datafield tag="650" ind1=" " ind2="0">
    <subfield code="a">Islam</subfield>
    <subfield code="x">Doctrines.</subfield>
  </datafield>
  <datafield tag="880" ind1="1" ind2=" ">
    <subfield code="6">100-01</subfield>
    <subfield code="a">&#x639;&#x631;&#x64A;&#x641;&#x64A;&#x60C; &#x645;&#x62D;&#x645;&#x62F; &#x628;&#x646; &#x639;&#x628;&#x62F; &#x627;&#x644;&#x631;&#x62D;&#x645;&#x646;.</subfield>
  </datafield>
  <datafield tag="880" ind1="1" ind2="0">
    <subfield code="6">245-05</subfield>
    <subfield code="a">&#x62C;&#x627;&#x645;&#x639; &#x631;&#x633;&#x627;&#x626;&#x644; &#x641;&#x636;&#x64A;&#x644;&#x629; &#x627;&#x644;&#x634;&#x64A;&#x62E; &#x645;&#x62D;&#x645;&#x62F; &#x627;&#x644;&#x639;&#x631;&#x64A;&#x641;&#x64A; /</subfield>
    <subfield code="c">&#x645;&#x62D;&#x645;&#x62F; &#x628;&#x646; &#x639;&#x628;&#x62F; &#x627;&#x644;&#x631;&#x62D;&#x645;&#x646; &#x627;&#x644;&#x639;&#x631;&#x64A;&#x641;&#x64A;.</subfield>
  </datafield>
  <datafield tag="880" ind1=" " ind2=" ">
    <subfield code="6">250-06</subfield>
    <subfield code="a">&#x627;&#x644;&#x637;&#x628;&#x639;&#x629; 1.</subfield>
  </datafield>
  <datafield tag="880" ind1=" " ind2=" ">
    <subfield code="6">260-07</subfield>
    <subfield code="a">&#x627;&#x644;&#x631;&#x64A;&#x627;&#x636; :</subfield>
    <subfield code="b">&#x62F;&#x627;&#x631; &#x627;&#x644;&#x62A;&#x62F;&#x645;&#x631;&#x64A;&#x629;&#x60C;</subfield>
    <subfield code="c">2011.</subfield>
  </datafield>
  <datafield tag="906" ind1=" " ind2=" ">
    <subfield code="a">7</subfield>
    <subfield code="b">cbc</subfield>
    <subfield code="c">pccadap</subfield>
    <subfield code="d">3</subfield>
    <subfield code="e">ncip</subfield>
    <subfield code="f">20</subfield>
    <subfield code="g">y-nonroman</subfield>
  </datafield>
  <datafield tag="942" ind1=" " ind2=" ">
    <subfield code="2">ddc</subfield>
    <subfield code="c">BK</subfield>
    <subfield code="h">297</subfield>
    <subfield code="i">ARI/J</subfield>
    <subfield code="k">297</subfield>
    <subfield code="m">ARI/J</subfield>
  </datafield>
  <datafield tag="952" ind1=" " ind2=" ">
    <subfield code="0">0</subfield>
    <subfield code="1">0</subfield>
    <subfield code="2">ddc</subfield>
    <subfield code="4">0</subfield>
    <subfield code="7">0</subfield>
    <subfield code="8">ISLAM</subfield>
    <subfield code="a">MES</subfield>
    <subfield code="b">MES</subfield>
    <subfield code="c">ARB</subfield>
    <subfield code="d">2023-10-18</subfield>
    <subfield code="l">0</subfield>
    <subfield code="o">297 ARI/J</subfield>
    <subfield code="p">42920</subfield>
    <subfield code="r">2023-10-18 13:34:35</subfield>
    <subfield code="t">vol 1</subfield>
    <subfield code="v">2250.00</subfield>
    <subfield code="w">2023-10-18</subfield>
    <subfield code="y">REF</subfield>
    <subfield code="z">U15R5</subfield>
  </datafield>
  <datafield tag="952" ind1=" " ind2=" ">
    <subfield code="0">0</subfield>
    <subfield code="1">0</subfield>
    <subfield code="2">ddc</subfield>
    <subfield code="4">0</subfield>
    <subfield code="7">0</subfield>
    <subfield code="8">ISLAM</subfield>
    <subfield code="a">MES</subfield>
    <subfield code="b">MES</subfield>
    <subfield code="c">ARB</subfield>
    <subfield code="d">2023-10-18</subfield>
    <subfield code="l">0</subfield>
    <subfield code="o">297 ARI/J</subfield>
    <subfield code="p">42921</subfield>
    <subfield code="r">2023-10-18 13:34:35</subfield>
    <subfield code="t">vol 2</subfield>
    <subfield code="v">2250.00</subfield>
    <subfield code="w">2023-10-18</subfield>
    <subfield code="y">REF</subfield>
    <subfield code="z">U15R5</subfield>
  </datafield>
  <datafield tag="999" ind1=" " ind2=" ">
    <subfield code="c">42683</subfield>
    <subfield code="d">42683</subfield>
  </datafield>
</record>
